| 000 | 01600nam1a2200349 i 4500 | ||
|---|---|---|---|
| 001 | RU\NLR\BIBL_A\012907366 | ||
| 005 | 20241105211703.0 | ||
| 035 | _a(RuMoRGB)010137774 | ||
| 035 | _a(NLR Aleph) 012907366 | ||
| 090 |
_a12602610 _c12602610 |
||
| 100 | _a20191202g20219999k y0rusy50 ca | ||
| 101 | 1 |
_arus _aeng _cmul |
|
| 102 | _aRU | ||
| 105 | _ay|||z|||010zy | ||
| 181 | 0 |
_ai _baxxe |
|
| 182 | 0 | _an | |
| 200 | 1 |
_aГерхард Оберхаммер: индолог и философ _eисследования и переводы _eмонография _e[сборник] _fЦентр исследования философии и культуры Индии "Пурушоттама" РУДН _gотв. ред.: Р. В. Псху |
|
| 203 |
_aТекст _bвизуальный _cнепосредственный |
||
| 210 |
_aМосква _cСадра _d2021 |
||
| 215 | _d22 | ||
| 309 | _aЧ. 1 вышла ненумер. | ||
| 600 | 1 |
_aОберхаммер _bГ. _f1929 _gГерхард _92434731 _3RU\NLR\AUTH\6601666999 |
|
| 686 | 1 | _aТ1(4А)63-8 | |
| 686 | 1 | _aЮ3(4А)6 | |
| 686 | 2 | _aЭ331г(4А) | |
| 702 | 1 |
_aПсху _bР. В. _f1978- _gРузана Владимировна _4340 |
|
| 702 | 1 |
_aОберхаммер _bГ. _f1929- _gГерхард _4280 |
|
| 712 | 0 | 2 |
_4570 _aРоссийский университет дружбы народов _bЦентр исследования философии и культуры Индии "Пурушоттама" _9802019 _3RU\NLR\AUTH\880567745 |
| 852 |
_aNLR _j2019-5/9474 |
||
| 942 | _cBOOK | ||